Saberes de España
Salvato in:
| Natura: | Libro |
|---|---|
| Lingua: | spagnolo |
| Pubblicazione: |
Madrid
Ministerio de Cultura
1994
|
| Soggetti: | |
| Tags: |
Aggiungi Tag
Nessun Tag, puoi essere il primo ad aggiungerne!!
|
MARC
| LEADER | 00000nam a2200000 a 4500 | ||
|---|---|---|---|
| 001 | UCY1904 | ||
| 003 | CL-VaPUC | ||
| 008 | 940928e19940000SP |||||||||||||||||spa|d | ||
| 082 | 0 | 4 | |a 001.1 |b SAB |2 21 |
| 245 | 1 | 0 | |a Saberes de España |
| 300 | |a 434 p | ||
| 942 | |c BK | ||
| 945 | |d 19940928 00:00:00 |a rbrito | ||
| 260 | |a Madrid |b Ministerio de Cultura |c 1994 | ||
| 650 | 0 | |a Vida intelectual |9 265379 | |
| 651 | 0 | |a España |9 254926 | |
| 583 | |a last modification |c 19940928 00:00:00 |k Rodrigo Vera | ||
| 999 | |c 230478 |d 230476 | ||
| 952 | |0 0 |1 0 |2 ddc |4 0 |6 001_100000000000000_SAB_1994 |7 0 |8 P |9 232783 |a BIBEDU |b BIBEDU |c PAC |d 2019-11-15 |i 3021564 |o 001.1 SAB 1994 |p 3021564 |r 2024-01-25 |w 2019-11-15 |y BK_P |k EDU | ||
| 952 | |0 0 |1 0 |2 ddc |4 0 |6 001_100000000000000_SAB_1994 |7 0 |8 P |9 232784 |a BIBEDU |b BIBEDU |c PAC |d 2019-11-15 |i 3021645 |o 001.1 SAB 1994 |p 3021645 |r 2024-01-25 |w 2019-11-15 |y BK_P |k EDU | ||